[Event "Metz op 31th"]
[Site "Metz"]
[Date "2013.04.21"]
[Round "2"]
[White "Riff, Jean Noel"]
[Black "Greenfeld, Alon"]
[Result "1/2-1/2"]
[WhiteElo "2467"]
[BlackElo "2545"]
[Annotator "Metz Alekhine/Primel,D"]
[PlyCount "79"]
[EventDate "2013.04.20"]
[EventType "swiss"]
[EventRounds "9"]
[EventCountry "FRA"]
[SourceTitle "EXT 2016"]
[Source "ChessBase"]
[SourceDate "2015.10.08"]
[SourceVersion "1"]
[SourceVersionDate "2015.10.08"]
[SourceQuality "1"]
[TimeControl "40/5400:1800+30"]
[WhiteClock "1:30:00"]
[BlackClock "1:30:00"]

1. e4 e5 2. Nf3 Nc6 3. Nc3 Nf6 4. d4 exd4 5. Nxd4 Bb4 6. Nxc6 bxc6 7. Bd3 O-O
8. O-O d5 9. exd5 cxd5 10. h3 (10. Bg5 {La grande ligne} c6 11. Qf3 Rb8 (11...
Be7) 12. h3 (12. Ne2) 12... h6 13. Bxf6 (13. Bh4) 13... Qxf6 14. Qxf6 gxf6 15.
Ne2 Bd6 16. b3 Re8 17. Rad1 c5 18. Ng3 Bxg3 {Ivanisevic,I (2632)-Grigoryan,A 
(2577) Jakarta op 2013 (4) 1-0} (18... Be6 19. Nh5 Be5 20. f4 {[%cal Gf1f3]
Ivanisevic inf 119})) 10... Re8 11. Qf3 c6 12. Bf4 Bd6 13. Rfe1 Be6 14. Ne2 Qb8
{[%cal Gb8b2,Gb8d6]} 15. b3 Bd7 16. Qg3 Nh5 17. Bxd6 Nxg3 18. Bxb8 Nxe2+ 19.
Bxe2 (19. Rxe2 Rxe2 20. Bxe2 Rxb8 21. Rd1 Be6 22. Rd4 Kf8 $11 {Andreikin,D 
(2713)-Karjakin,S (2782) Moscow Tal Memorial 8th Blitz 2013 (2) 1/2}) 19...
Raxb8 {L'israelien avait joué la même variante quelques mois plus tôt au
Championnat national} 20. Bd3 $146 (20. c4 Be6 {Smirin,I (2652)-Greenfeld,A 
(2540) ISR-chT 13 Israel 2012 (11.4) 1/2}) 20... Kf8 21. Rxe8+ {Les Blancs ont
une finale légèrement favorable mais difficile à valoriser mais il faut
échanger les R} (21. Kf1 Rxe1+ 22. Rxe1 Re8) 21... Rxe8 22. Kf1 g6 (22... h6 {
Plus souple pour éviter d'avoir un mauvais B en cas d'échange des R}) 23. Re1
$1 {[%csl Rd7]} Be6 $8 (23... Rxe1+ $2 24. Kxe1 $16 {[%csl Ra7,Rd7,Rh7][%cal
Ge1a5,Ga5a6,Gd2h6]}) 24. Re3 c5 25. Ke1 Rd8 26. c3 Rd6 27. Bb1 c4 28. Kd2 Rb6
29. Bc2 Ra6 30. Bb1 Rb6 {Répète les coups pour gagner du temps à la pendule
tout en testant les intentions de l'adversaire sur le fait qu'il joue pour le
gain ou pas.} 31. Bc2 Ra6 32. Bb1 Bf5 33. Bxf5 Rxa2+ 34. Ke1 gxf5 35. bxc4 dxc4
36. Rf3 Ra5 37. Rf4 Rc5 38. Ke2 Kg7 39. Ke3 a5 40. Kd4 1/2-1/2

[Event "Katrineholm"]
[Site "Katrineholm"]
[Date "1999.05.13"]
[Round "3"]
[White "Berg, Emanuel"]
[Black "Ibragimov, Ildar"]
[Result "0-1"]
[WhiteElo "2364"]
[BlackElo "2602"]
[Annotator "Mikhalevski,V"]
[PlyCount "80"]
[EventDate "1999.05.??"]
[EventType "tourn"]
[EventRounds "9"]
[EventCountry "SWE"]
[EventCategory "12"]
[SourceTitle "CBM 071"]
[Source "ChessBase"]
[SourceDate "1999.08.01"]
[SourceVersion "1"]
[SourceVersionDate "1999.08.01"]
[SourceQuality "1"]

1. e4 e5 2. Nf3 Nc6 3. d4 exd4 4. Nxd4 Nf6 5. Nc3 Bb4 6. Nxc6 bxc6 7. Bd3 d5 8.
exd5 cxd5 9. O-O O-O 10. Bg5 c6 11. Qf3 Be7 12. Rae1 {The key position of 11...
Be7-line.Black has to decide which plan to choose and the most important if 12.
..h6 can be included.} Be6 (12... h6 {Looks very dangerous,but I don't see
straight win for White.Maybe there is nothing there.For instance:} 13. Bxh6 {
Probably it's not sufficient for more then equality.} gxh6 14. Qe3 d4 $1 {[]} (
{After careless} 14... Be6 $2 {White wins almost by force.} 15. Qxh6 Bd6 16.
Qg5+ Kh8 17. f4 {[%cal Gf1f3]} Re8 18. Rf3 Ng8 19. Qh5+ Kg7 20. Rg3+ Kf8 21.
Rxg8+ $1 Kxg8 22. Qh7+ Kf8 23. Qh6+ Kg8 24. Bh7+ Kh8 25. Bf5+ Kg8 26. Qh7+ Kf8
27. Qh8+ Ke7 28. Rxe6+ {1-0 Rublevsky,S-Novik,M/Sochi 1990/TD (28)} (28. Rxe6+
fxe6 29. Qg7#)) 15. Qxh6 Qd6 $1 {[]} 16. Qg5+ Kh8 17. Re5 (17. Rxe7 Qxe7 18.
Ne4 $140 $2 Ng8) (17. Qh4+ Kg7 18. Ne4 $2 Nxe4 19. Qxe4 Rh8 $1) (17. Qh6+ Kg8
18. Qg5+ Kh8 19. f4 dxc3 $1 $11 (19... Nh7 20. Qh5 f5 21. Ne4 Qd8 22. Rf3 Qe8
23. Qxe8 Rxe8 24. Nd6 Bd7 25. Nxe8 Rxe8 26. Re5 $16 {1-0 Andres,M-Pujols,C/
Havana 1994/EXT 97 (41)})) 17... Ng4 18. Qxe7 (18. Qh5+ Qh6 19. Qxh6+ Nxh6 20.
Rxe7 dxc3 21. bxc3 $15) 18... Qxe7 19. Rxe7 dxc3 20. bxc3 $15) (12... Re8 $5
13. Ne2 h6 14. Bf4 Bd6 15. Nd4 Bg4 16. Qg3 Bxf4 17. Qxf4 Qb6 18. c4 {A
surprise for Kasparov, who had to now calculate 18...Qxb2...} Bd7 (18... Qxb2
19. Nxc6 Qxa2 20. Ne7+ Kf8 21. Nxd5 Nxd5 22. Qxg4 {which is quite comfortable
for White.}) 19. cxd5 cxd5 20. Rxe8+ Rxe8 21. Qd2 Ne4 22. Bxe4 dxe4 23. b3 Rd8
$15 {0-1 Comp Deep Blue-Kasparov,G/Philadelphia 1996/CBM 50 ext/[Friedel] (45)}
) 13. Bf5 {A safe way to equalize against a strong opponent.} ({The main line
is} 13. Ne2) 13... Bxf5 14. Qxf5 h6 ({In the only game where 13.Bf5 was played
Black continued} 14... Re8 15. Re2 Qd6 16. Bf4 Qb4 17. a3 Qxb2 18. Be5 Qxa3 $17
{1-0 Strzalka,J-Smagacz,I/Bydgoszcz 1990/EXT 97 (45)}) 15. Bh4 (15. Bf4 $5)
15... Rb8 16. b3 Rb4 17. f4 $2 {[%csl Re4][%mdl 16384] Serious positional
mistake.White weakens the e4-square with no need and Black makes use of it
immediately.} (17. Bg3 $142 $11) 17... Re8 18. Kh1 Ne4 $1 {Here is the result
of White's 17-th move.From the absolutely equal position Black gets clear
positional advantage.} 19. Bxe7 Qxe7 {[%cal Gg7g6,Ge7c5] Now 20...g6 21.Qg4(h3)
Nf2! is threatening.} {So} 20. Nxe4 Rxe4 21. Rxe4 dxe4 $17 {Sometimes one
strategical blunder can determine fate of a game and this is the case.Strong
pass pawn supported by rook and queen is quite enough for a win.} 22. h3 e3 23.
Re1 Qd6 {[%cal Gd6d2] Strong threat Qd2 forces White to give up a pawn.} 24.
Qd3 ({Or} 24. Qg4 e2 $1 {[%cal Gd6d2] followed by Qd2 and Black wins queen
side pawns.}) 24... Qxf4 $19 25. Rf1 Qc7 (25... Qf2 $2 {is bad in view of} 26.
Rxf2 exf2 {[%cal Ge8e1]} 27. g4 Re1+ 28. Kg2 {but who needs it?!}) ({Immediate
} 25... Qe5 {deserved attention.}) 26. Qe2 Qe5 {Now Black strenghtens his
position.There are many plans of win,but Black chooses the safer one.He is
waiting for White's mistake.It comes very soon.} 27. Rd1 h5 28. a4 a5 29. Kg1
g6 30. Rd3 Kg7 31. c3 $6 {[%csl Rb3][%mdl 16384] White shouldn't create
additional weaknesses.Now the b3-pawn becomes weak.} Qe6 {Black reacts
immediately.} 32. c4 Qe5 33. Kf1 (33. Kh1 $142) 33... Qa1+ 34. Rd1 Qf6+ 35. Kg1
Kg8 $1 {Black is preparing Qc3 which didn't work here.} (35... Qc3 36. Rd3 Qxd3
$140 $2 37. Qxd3 e2 38. Qc3+ {That's why 35...Kg8! was played.}) 36. Rd3 Qe5
37. Kf1 (37. Kh1 {was more stubborn.}) 37... Qa1+ 38. Rd1 Qf6+ 39. Kg1 Qc3 {
The idea of 35...Kg8 has worked.} 40. Rd3 $2 {[%mdl 8192]} ({Certainly} 40. Rb1
{wouldn't safe.}) 40... Qxd3 $1 (40... Qxd3 41. Qxd3 e2) 0-1

[Event "RUS-chT 05th"]
[Site "Maikop"]
[Date "1998.06.05"]
[Round "3"]
[White "Rodin, Mihail"]
[Black "Petrushin, Alexander I"]
[Result "1/2-1/2"]
[WhiteElo "2390"]
[BlackElo "2425"]
[Annotator "Mikhalevski,V"]
[PlyCount "55"]
[EventDate "1998.06.03"]
[EventType "team-tourn"]
[EventRounds "11"]
[EventCountry "RUS"]
[SourceTitle "CBM 066"]
[Source "ChessBase"]
[SourceDate "1998.09.30"]
[SourceVersion "1"]
[SourceVersionDate "1998.09.30"]
[SourceQuality "1"]
[WhiteTeam "Saratov GShK"]
[BlackTeam "Cherepovets Severstal"]
[WhiteTeamCountry "RUS"]
[BlackTeamCountry "RUS"]

1. e4 e5 2. Nf3 Nc6 3. Nc3 Nf6 4. d4 exd4 5. Nxd4 Bb4 6. Nxc6 bxc6 7. Bd3 d5 8.
exd5 cxd5 9. O-O O-O 10. Bg5 c6 11. Qf3 h6 12. Bf4 (12. Bxf6 Qxf6 13. Qxf6 gxf6
14. Ne2 Bd6 (14... Rb8 15. b3 Re8 16. h3 Re5 17. Rad1 Bc5 18. c3 Bd7 19. Nd4 a5
20. Nf3 Ree8 21. Rfe1 Ba3 22. Rxe8+ Rxe8 23. c4 Kf8 24. cxd5 $14 (24. Kf1 Bc5
25. Be2 Be6 26. Nd4 Rc8 27. Nxc6 dxc4 28. Rd8+ Rxd8 29. Nxd8 c3 30. Nxe6+ fxe6
31. Bd3 $11 {0-1 Tran Duc Hoa Khanh-Iuldachev,S/Asian Teams, Genting Highlands
MAS 1998 (54)})) 15. Nd4 (15. Rfd1 Re8 16. Rd2 Rb8 17. c3 c5 18. Rb1 Rb6 19.
Bc2 Kf8 $11 {0-1 Alonso,S-Iuldachev,S/Open, Cappelle la Grande FRA 1998 (40)})
15... c5 16. Nf5 Bxf5 17. Bxf5 Be5 18. Rad1 Rfd8 19. c3 Rab8 20. f4 Bc7 21. Rd2
c4 22. g3 Rb5 23. a4 Ra5 24. Bc2 Bb6+ 25. Kg2 d4 {1/2-1/2 Daneri,M-Soppe,G/
Open, Mar del Plata ARG 1998}) 12... Bd6 (12... Re8 13. a3 (13. h3 Be6 14. Ne2
Bd6 15. Rfe1 c5 16. c3 Rb8 17. b3 Ne4 18. Bxe4 dxe4 19. Qg3 Bxf4 20. Nxf4 Bf5
21. c4 Qg5 22. Qxg5 hxg5 23. Nd5 Bc8 24. f3 f5 25. fxe4 fxe4 26. Re3 Bb7 27.
Rae1 Bxd5 28. cxd5 Rb4 {1/2-1/2 Malmberg,E-Oskam,G/Paris f-B 1924}) 13... Ba5
14. b4 Bb6 15. Rfe1 Bg4 16. Qg3 Qd7 17. h3 Nh5 18. Qh2 Nxf4 19. Qxf4 Be6 $11 {
1-0 Schuetz,P-Borek,P/Stary Smokovec op 1996 (49)}) (12... Bg4 $6 13. Qg3 Qd7
$2 14. f3 Bf5 15. Bxh6 Nh5 16. Qg5 Bxd3 17. cxd3 Bxc3 18. bxc3 Qd6 19. Qxh5
Qxh6 20. Qxh6 gxh6 $16 {1/2-1/2 Radovici,C-Brzozka,N/Sofia 1958 (61)}) 13. h3 (
13. Bxd6 Qxd6 14. Rfe1 Bd7 15. h3 Rfe8 16. a3 c5 17. b3 Re5 18. Rxe5 Qxe5 19.
Rd1 Be6 20. Qg3 $6 Qxg3 21. fxg3 Kf8 $15 {0-1 Voskanian,V-Grushevsky,A/URS-chT
1967 (49)}) (13. Rfe1 Rb8 14. Na4 c5 15. b3 Be6 16. h3 Rb4 17. Bxd6 Qxd6 18.
Rad1 Rc8 19. c3 Rbb8 20. Bf5 Re8 21. Bxe6 Rxe6 22. Rxe6 fxe6 23. Qe3 Nd7 24.
Nb2 {1/2-1/2 Sutovskij,E-Davies,N/Rishon le Zion YM 1995}) 13... Rb8 (13...
Bxf4 14. Qxf4 (14. Qxf4 {1/2-1/2 Radulov,I-Westerinen,H/Rilton Cup 1987}) 14...
a5 15. Na4 Ba6 16. Bxa6 Rxa6 17. a3 Re8 18. Rfe1 Ra7 19. Nc5 Rae7 20. Qd2 Ne4
21. Nxe4 Rxe4 22. Rxe4 Rxe4 23. Re1 Qe7 24. Rxe4 Qxe4 $11 {Acs,P-Zudov,O/
Canaries olJ-U16 1995/1/2-1/2 (74)}) 14. b3 Rb4 15. Bxd6 Qxd6 16. Rfe1 Be6 $11
{[%cal Gc6c5]} 17. Rad1 Re8 $6 {There is nothing to do on the "e" file.} (17...
c5 $5) 18. Ne2 Bd7 19. c3 Rbb8 20. b4 $6 (20. c4 $5) 20... Re5 (20... c5 $5 21.
a3 (21. bxc5 Qxc5 $15 {[%csl Rc3]}) 21... a5 $5 (21... Bc6 $142) 22. bxa5 $1 (
22. bxc5 $6 Qxc5 {[%csl Ra3,Rc3]}) 22... Ra8 23. a6 (23. Bc4 Bc6 24. a6 Qc7 25.
Bd3 c4 $15) 23... Bc8 (23... Qc7 {[%cal Gc5c4]} 24. Nf4 Rxe1+ 25. Rxe1 Bc6 {
[%cal Gc5c4]} 26. Nh5 Nxh5 27. Qxh5 c4 28. Bc2 Rxa6 $140 $2 29. Qxd5 $1) (23...
Qe5 {[%csl Ra3,Ra6,Rc3][%cal Gc5c4]} 24. c4 $1 d4 (24... Bc6 25. Nf4 Qxe1+ 26.
Rxe1 Rxe1+ 27. Kh2) 25. Nxd4 $1 Qxe1+ (25... Qxd4 $2 26. Rxe8+ Rxe8 27. Bh7+
Nxh7 28. Rxd4 cxd4 29. a7 Ng5 30. Qd5 $18) 26. Rxe1 Rxe1+ 27. Kh2 Rxa6 28. Nb3
$14 (28. Qb7 Rd6 29. Qb8+ Ne8 30. Nf3 $14)) 24. Nf4 Rxe1+ 25. Rxe1 Bxa6 26. c4
$1 {[%csl Rd5][%cal Gf3a8]} Bb7 (26... Rd8 $2 27. Nxd5 Nxd5 28. cxd5 Bxd3 (
28... Bb7 29. Be4) 29. Qxd3 Qxd5 $140 $4 30. Re8+) 27. Bc2 $1 (27. Nxd5 Nxd5
28. Be4 Re8 29. cxd5 Bxd5 30. Bh7+ Kf8 31. Rxe8+ Kxe8 32. Be4 $11) 27... Bc6 (
27... Rd8 $6 28. Nxd5 Bxd5 (28... Nxd5 29. Rd1 $1 Qe5 30. Be4 $1) 29. cxd5 Qxd5
30. Rd1 $16) 28. Nxd5 $1 Bxd5 (28... Nxd5 29. Qd3 $1 Kf8 30. Rd1 $1) 29. cxd5
Qxd5 $1 (29... c4 30. Qc3 (30. a4 Qxd5 31. Qc3) 30... Qxd5 31. a4 $14) 30. Qxd5
Nxd5 31. Re5 (31. Be4 Re8 32. Kf1 $1 Nc3 $1 33. Bh7+ (33. Bc2 Ra8 34. Re5 Kf8
$11) 33... Kf8 34. Rc1 Na4 35. Rc4 Ra8 36. Bc2 Nb6 37. Rxc5 Rxa3 $11) 31... Nb6
32. Rxc5 (32. Be4 Rc8) 32... Rxa3 33. Rc6 Nd7 34. Rc8+ Nf8 $11) (20... a5 $5
21. a3 $140 c5 {see20...c5}) 21. Nd4 Rbe8 $6 (21... Rxe1+ $142 22. Rxe1 c5 23.
bxc5 Qxc5 {[%csl Rc3]}) 22. Rxe5 Rxe5 23. Nb3 $14 {[%csl Rc5][%cal Gb3c5]} Kf8
24. Nc5 Bc8 (24... Qe7 $5 {[%csl Rc3][%cal Ge5e1]}) 25. Bf1 Bf5 26. Bd3 (26.
Qf4 $1 $14 {[%cal Gd1e1]}) 26... Bc8 27. Bf1 Bf5 28. Bd3 1/2-1/2

[Event "Nordic-ch VISA"]
[Site "Reykjavik"]
[Date "1997.10.20"]
[Round "11"]
[White "Hector, Jonny"]
[Black "Stefansson, Hannes"]
[Result "1/2-1/2"]
[WhiteElo "2470"]
[BlackElo "2545"]
[Annotator "Mikhalevski,V"]
[PlyCount "62"]
[EventDate "1997.10.08"]
[EventType "tourn"]
[EventRounds "13"]
[EventCountry "ISL"]
[EventCategory "10"]
[SourceTitle "CBM 062"]
[Source "ChessBase"]
[SourceDate "1998.01.31"]
[SourceVersion "1"]
[SourceVersionDate "1998.01.31"]
[SourceQuality "1"]

1. e4 e5 2. Nf3 Nc6 3. Nc3 Nf6 4. g3 d5 5. exd5 Nxd5 6. Bg2 Nxc3 7. bxc3 Bd6 8.
O-O O-O 9. Rb1 Rb8 10. d4 Bf5 (10... h6 11. Nd2 Bf5 12. Nc4 Qf6 13. Ne3 exd4
14. Nxf5 Qxf5 15. cxd4 Rfd8 16. Be3 Nb4 17. c3 Nd5 18. Bd2 c6 19. Re1 b5 20.
Be4 Qf6 21. h4 b4 22. Bxd5 cxd5 23. cxb4 Qxd4 24. Be3 Qxd1 25. Rexd1 Rxb4 26.
Rxb4 Bxb4 27. Bxa7 Ra8 28. Be3 Rxa2 29. Rxd5 Ra5 30. Rd8+ Kh7 31. Kg2 {- Glek,
I-Rozentalis,E/BL9495 1995/BL 90}) (10... Bg4 11. h3 Bh5 12. g4 Bg6 13. dxe5
Bc5 14. Qe2 Qd5 15. Rb5 b6 16. Nh4 Qxe5 17. Qxe5 Nxe5 18. Rxc5 bxc5 19. f4 Nd3
20. Nxg6 Nxc1 21. Nxf8 Ne2+ 22. Kf2 Nxf4 23. Nd7 Rd8 {1-0 Glek,I-Berzinsh,R/
Biel op MTO 1997/EXP 60}) 11. dxe5 (11. Nh4 Bd7 12. Be3 Qc8 13. Qd3 Kh8 14. f4
exf4 15. gxf4 Be7 16. Bf2 Bf6 17. Rfe1 Ne7 18. Nf3 Bf5 19. Qd2 Bh3 20. Bg3 Bxg2
21. Qxg2 Nf5 22. Ne5 g6 23. Qd5 c6 24. Qf3 Kg8 25. Bf2 Rd8 {Klovans,J-Meijers,
V/NRW-II 1996/GER 13/0-1 (69)}) 11... Nxe5 12. Nxe5 Bxe5 13. Qxd8 Rfxd8 14. Rb5
$1 {The point of the white's idea.Otherwise black is better.} f6 15. f4 Bd7 $8
16. Rxb7 (16. Rb3 Bd6 17. Rxb7 (17. Bxb7 $4 Bc5+ 18. Kg2 Rxb7 19. Rxb7 Bc6+ $19
) 17... Bc5+ $1 18. Kh1 Rxb7 19. Bxb7 Bh3 $1 20. Bg2 Be6 $1 $15 {/\21...Bc4 22.
Re1 Bf2 and /\ 21...B:a2}) 16... Bxc3 (16... Rxb7 17. Bd5+ $5 Kh8 (17... Kf8
18. Ba3+ (18. fxe5 Rb5 19. Ba3+ c5 $8 (19... Ke8 $2 20. exf6 Rxd5 $140 21. f7#)
) 18... Bd6 $8 (18... Ke8 19. fxe5 {/\20.ef}) 19. Bxd6+ cxd6 20. Bxb7 Bf5 $1
$11) 18. Bxb7 Bb5 $1 19. Rf3 (19. fxe5 Bxf1 20. Kxf1 Rd1+ 21. Ke2 Rxc1 22. e6
Kg8 $17) 19... Rd1+ 20. Kg2 Rxc1 21. fxe5 Rxc2+ 22. Kg1 Rxa2 23. exf6 gxf6 24.
Rxf6 $11) 17. Rd1 $1 (17. Rxc7 $2 Ba5 $1 18. Bd5+ (18. Rc4 $2 Bb5) 18... Kh8
19. Rxd7 $1 (19. Rb7 Rxb7 20. Bxb7 Bb5 $17) 19... Rxd7 20. c4 $15) 17... Bf5 (
17... Rxb7 18. Bxb7 Kf7 $5 $11 {/\Ke8} (18... Bb4 $5 $11 {/\Bd6})) 18. Rxd8+ (
18. Rd5 Re8 $1 (18... Bxc2 19. Rxc7 Rdc8 20. Rdd7 Bd4+ $11) 19. Rxb8 Rxb8 20.
Rxf5 Rb1 $11) 18... Rxd8 19. Be3 $1 (19. Kf2 Ba5 20. Be3 a6 $11) 19... Bd4 $1
20. Bxd4 (20. Kf2 Bb6 $1 21. Bxb6 cxb6 $11) 20... Rxd4 21. Rxc7 Rd1+ 22. Kf2
Rd2+ 23. Kf1 Bxc2 $1 {Last accurate move.} (23... Rxc2 $2 24. Bd5+ Kh8 25. Rxa7
$16) 24. Bf3 (24. Rxa7 Bd3+ 25. Kg1 Bc4 $1 26. Ra8+ (26. Ra4 Rd1+ 27. Kf2 Rd2+
28. Ke3 Rxg2 29. Rxc4 Rxa2 $11) 26... Kf7 27. Be4 Rxa2 28. Rxa2 Bxa2 29. Bxh7
$11) 24... a5 25. h4 Bb1 26. a4 Rd4 27. Bc6 Bc2 28. Kf2 Kf8 $1 (28... Bxa4 $2
29. Ke3 Rb4 30. Bd5+ Kf8 31. Rf7+ Ke8 32. Rxg7 $16) 29. Ra7 Bxa4 30. Ke3 Rb4 (
30... Rc4 31. Ra8+ (31. Bd5 $140 Rc3+ 32. Kd4 Rxg3) 31... Ke7 32. Ra7+ Kf8 $11)
31. Bd5 Be8 $11 (31... Bb3 32. Rxa5 $11 (32. Rf7+ $4 Ke8 $1 $19)) 1/2-1/2